| 000 | 00781cam a22002295a 4500 | ||
|---|---|---|---|
| 001 | L159433 | ||
| 008 | 170714s2017 xxk f 000 0 eng d | ||
| 020 | _a9780993151309 | ||
| 035 | _a(Sirsi) u159433 | ||
| 041 | 0 | _aeng | |
| 050 | 0 | 4 | _a333.332091 $2 18 |
| 110 | 2 |
_aInternational Valuation Standards Council _95828 |
|
| 245 | 0 | 0 |
_aInternational valuation standards 2017 _h[electronic resource] |
| 260 |
_aLondon _bIVSC _c2017 |
||
| 520 | _aIncludes all of the International Valuation Standards approved on 15 December 2016 effective from 1 July 2017. | ||
| 590 | _aKA | ||
| 650 | 2 | 4 | _aSTANDARDS |
| 651 | 4 | _aInternational | |
| 690 |
_aValuation _96273 |
||
| 856 | 4 | 1 |
_uhttps://www.isurv.com/ _zArchived material available via iSurv (subscription required) |
| 942 |
_n0 _2ddc |
||
| 999 |
_c115894 _d115894 |
||